The Economics of Ageing : (Record no. 609866)

MARC details
000 -LEADER
fixed length control field 00513nam a2200193 a 4500
001 - CONTROL NUMBER
control field 1769942616233
003 - CONTROL NUMBER IDENTIFIER
control field YourLibrary
005 - DATE AND TIME OF LATEST TRANSACTION
control field 20260201163956.0
008 - FIXED-LENGTH DATA ELEMENTS--GENERAL INFORMATION
fixed length control field 260201s1995##################000#0#eng##
020 ## - INTERNATIONAL STANDARD BOOK NUMBER
International Standard Book Number 9781852788278
082 04 - DEWEY DECIMAL CLASSIFICATION NUMBER
Classification number 305.26021
Item number CRE
040 ## - CATALOGING SOURCE
Original cataloging agency YourLibrary
Language of cataloging eng
Transcribing agency YourLibrary
100 1# - MAIN ENTRY--PERSONAL NAME
Personal name Creedy, John,
Relator term author.
245 10 - TITLE STATEMENT
Title The Economics of Ageing :
260 ## - PUBLICATION, DISTRIBUTION, ETC.
Name of publisher, distributor, etc. Edward Elgar Publishing,
Date of publication, distribution, etc. 1995.
300 ## - PHYSICAL DESCRIPTION
Extent 664 pages
650 #0 - SUBJECT ADDED ENTRY--TOPICAL TERM
Topical term or geographic name entry element Business & Economics.
942 ## - ADDED ENTRY ELEMENTS (KOHA)
Koha item type English Books

No items available.

Find us on the map